00516 a2200169 4500010001400000020002200014035001300036037001500049082000800064100002000072245009300092250001500185260003600200270005600236300002800292700002600320 aENG-86618 a8177094378c98.00 aEN-70151 bDBAD / PUB14a5121 aDasgupta, Ashit1 aModern approach to intermediate algebra /cby Ashit Das Gupta [and] Surya Bhushan Prasad a7th rev ed aNew DelhibBharati Bhawanc2006 a4271/3, Ansari Road, Daryaganj,bNew Delhie110 002 axii, 264 pc21 cm (Pbk)1 aPrasad, Surya Bhushan